[Event "Titled Tuesday intern op 27th Jun Late"]
[Site "Chess.com INT"]
[Date "2023.06.27"]
[Round "9"]
[White "Ambartsumova, Karina"]
[Black "Liwak, Przemyslaw"]
[Result "0-1"]
[WhiteElo "2393"]
[BlackElo "2342"]
[PlyCount "90"]
[EventDate "2023.06.27"]
[EventType "swiss (blitz)"]
[EventRounds "11"]
[EventCountry "USA"]
[SourceTitle "EXT 2024"]
[Source "ChessBase"]
[SourceDate "2023.10.10"]
[SourceVersion "1"]
[SourceVersionDate "2023.10.10"]
[SourceQuality "1"]

1. e4 e5 2. Nf3 Nc6 3. Bc4 Bc5 4. 0-0 Nf6 5. d4 Bxd4 6. Nxd4 Nxd4 7. Bg5 d6 8. f4 Be6 9. Na3 h6 10. Bh4 g5 11. fxg5 Nxe4 12. Qh5 Nxg5 13. Rxf7 Bxf7 14. Bxf7+ Kd7 15. Qg4+ Kc6 16. c3 Ngf3+ 17. gxf3 Qxh4 18. cxd4 Qxg4+ 19. fxg4 exd4 20. Be6 d5 21. Bf5 a6 22. Nc2 Kd6 23. Nxd4 c5 24. Ne6 h5 25. h3 hxg4 26. hxg4 Rae8 27. Nf4 d4 28. Rd1 b5 29. b4 cxb4 30. Rxd4+ Kc5 31. Rd5+ Kb6 32. Rd6+ Ka5 33. g5 Re1+ 34. Kf2 Ra1 35. Be6 Rf8 36. Kg3 Rg1+ 37. Ng2 Rb1 38. g6 Rf6 39. Nh4 Re1 40. g7 Rg1+ 41. Kh2 Rxg7 42. Nf5 Rg5 43. Nd4 Rh6+ 44. Bh3 Rxd6 45. Nb3+ Kb6 0-1

[Event "Titled Tuesday intern op 27th Jun Late"]
[Site "Chess.com INT"]
[Date "2023.06.27"]
[Round "2"]
[White "Bongo Akanga Ndjila, Barthelemy"]
[Black "Liwak, Przemyslaw"]
[Result "0-1"]
[WhiteElo "1824"]
[BlackElo "2342"]
[PlyCount "66"]
[EventDate "2023.06.27"]
[EventType "swiss (blitz)"]
[EventRounds "11"]
[EventCountry "USA"]
[SourceTitle "EXT 2024"]
[Source "ChessBase"]
[SourceDate "2023.10.10"]
[SourceVersion "1"]
[SourceVersionDate "2023.10.10"]
[SourceQuality "1"]

1. d4 Nf6 2. c4 e6 3. Nf3 Bb4+ 4. Bd2 Qe7 5. g3 Nc6 6. Bg2 Bxd2+ 7. Qxd2 Ne4 8. Qc2 Qb4+ 9. Nbd2 Nxd2 10. Qxd2 Qxc4 11. 0-0 0-0 12. e3 d5 13. Rfc1 Qa4 14. b3 Qa3 15. Ne5 Nxe5 16. dxe5 Qe7 17. e4 c6 18. exd5 exd5 19. f4 Bf5 20. b4 Rfd8 21. a4 d4 22. Rc5 d3 23. Rac1 Qd7 24. b5 cxb5 25. Rxb5 Qd4+ 26. Kh1 Be4 27. Rb4 Bxg2+ 28. Kxg2 Qd5+ 29. Kf2 Rac8 30. Rxc8 Rxc8 31. Rb2 Qd4+ 32. Kg2 Qxb2 33. Qxb2 Rc2+ 0-1

[Event "Titled Tuesday intern op 27th Jun Late"]
[Site "Chess.com INT"]
[Date "2023.06.27"]
[Round "11"]
[White "Liwak, Przemyslaw"]
[Black "Ezat, Mohamed Mahmoud"]
[Result "1-0"]
[WhiteElo "2342"]
[BlackElo "2396"]
[PlyCount "129"]
[EventDate "2023.06.27"]
[EventType "swiss (blitz)"]
[EventRounds "11"]
[EventCountry "USA"]
[SourceTitle "EXT 2024"]
[Source "ChessBase"]
[SourceDate "2023.10.10"]
[SourceVersion "1"]
[SourceVersionDate "2023.10.10"]
[SourceQuality "1"]

1. e4 e5 2. Nf3 Nc6 3. Bb5 a6 4. Ba4 Nf6 5. d4 b5 6. Bb3 Nxd4 7. Nxd4 exd4 8. e5 Ne4 9. Bd5 Nc5 10. Bxa8 c6 11. Qxd4 Qc7 12. 0-0 Qb8 13. Bxc6 dxc6 14. Be3 Be7 15. Nc3 0-0 16. Rad1 Bf5 17. Rd2 Ne6 18. Qa7 Qxa7 19. Bxa7 Bb4 20. Rfd1 Bg4 21. f3 Bf5 22. g4 Bg6 23. a3 Ba5 24. Rd6 Ra8 25. Be3 h5 26. Rxc6 Bxc2 27. Rdd6 Bc7 28. Rxe6 fxe6 29. Rxc7 hxg4 30. fxg4 Rd8 31. Kf2 Bd3 32. Rc6 Bc4 33. Ne4 Rd3 34. Nd6 Bd5 35. Rxa6 Rb3 36. Bd4 Rf3+ 37. Ke2 Rh3 38. Nxb5 Rxh2+ 39. Ke3 Rg2 40. Nd6 Rxg4 41. Rb6 Rg3+ 42. Ke2 g5 43. Ne8 Bc4+ 44. Kf2 Rd3 45. Nf6+ Kf7 46. Be3 Kg6 47. Rb8 Kf5 48. Rg8 g4 49. Rxg4 Kxe5 50. Rxc4 Kxf6 51. Ke2 Rb3 52. Rb4 Rxb4 53. axb4 Ke5 54. Kd3 Kd5 55. b5 e5 56. b6 Kc6 57. Ke4 Kb7 58. Kxe5 Kc6 59. Ke6 Kb7 60. Kd7 Kb8 61. Kc6 Ka8 62. b7+ Kb8 63. Bf4+ Ka7 64. b8Q+ Ka6 65. Qb6# 1-0

[Event "Titled Tuesday intern op 13th Jun Late"]
[Site "Chess.com INT"]
[Date "2023.06.13"]
[Round "11"]
[White "Liwak, Przemyslaw"]
[Black "Diaz Rosas, Julio Cesar"]
[Result "1-0"]
[WhiteElo "2342"]
[BlackElo "2337"]
[PlyCount "111"]
[EventDate "2023.06.13"]
[EventType "swiss (blitz)"]
[EventRounds "11"]
[EventCountry "USA"]
[SourceTitle "EXT 2024"]
[Source "ChessBase"]
[SourceDate "2023.10.10"]
[SourceVersion "1"]
[SourceVersionDate "2023.10.10"]
[SourceQuality "1"]

1. e4 c5 2. Nf3 d6 3. d4 cxd4 4. Nxd4 Nf6 5. Nc3 a6 6. Be3 e5 7. Nb3 Be7 8. f3 0-0 9. Qd2 a5 10. Bb5 Na6 11. 0-0-0 Be6 12. g4 Nc7 13. g5 Nh5 14. a4 Qc8 15. Kb1 Na6 16. Nd5 Bxd5 17. Qxd5 Nb4 18. Qd2 Qe6 19. Nc1 Rfc8 20. c3 Na6 21. Qd5 Qxd5 22. exd5 f5 23. Bd7 Rf8 24. Ne2 f4 25. Bb6 Bxg5 26. Be6+ Kh8 27. Bxa5 Nc5 28. Bc7 Be7 29. a5 Nb3 30. Kc2 Nxa5 31. b3 b6 32. Bxb6 Rfb8 33. Bxa5 Rxa5 34. Ra1 Rab5 35. b4 Nf6 36. Ra7 Bd8 37. Rd1 Bb6 38. Ra6 Bc7 39. Rc6 R5b7 40. b5 g5 41. c4 Kg7 42. Nc3 Ra7 43. Kb3 Kf8 44. Rd2 Ke7 45. Ra2 Rxa2 46. Nxa2 Ba5 47. Ra6 Bb6 48. Nb4 Rb7 49. Nc6+ Kf8 50. Ra8+ Kg7 51. Rc8 g4 52. Bxg4 Nxg4 53. fxg4 f3 54. Ra8 f2 55. Ra1 e4 56. Kc2 1-0

[Event "Titled Tuesday intern op 13th Jun Late"]
[Site "Chess.com INT"]
[Date "2023.06.13"]
[Round "7"]
[White "Liwak, Przemyslaw"]
[Black "Garcia Correa, Jose Ricardo"]
[Result "1-0"]
[WhiteElo "2342"]
[BlackElo "2103"]
[PlyCount "71"]
[EventDate "2023.06.13"]
[EventType "swiss (blitz)"]
[EventRounds "11"]
[EventCountry "USA"]
[SourceTitle "EXT 2024"]
[Source "ChessBase"]
[SourceDate "2023.10.10"]
[SourceVersion "1"]
[SourceVersionDate "2023.10.10"]
[SourceQuality "1"]

1. e4 c5 2. Nf3 e6 3. d4 cxd4 4. Nxd4 a6 5. Nc3 Qc7 6. Bd3 Nf6 7. 0-0 h5 8. Re1 Bc5 9. Nf3 Ng4 10. Re2 Nc6 11. g3 h4 12. Bf4 e5 13. Nd5 Qb8 14. Bg5 hxg3 15. hxg3 f6 16. Bd2 b5 17. b4 Bd4 18. c3 Ba7 19. a4 bxa4 20. Qxa4 Ne7 21. Nxe7 Kxe7 22. Kg2 Bb7 23. Nh4 Rxh4 24. gxh4 Qh8 25. Rh1 Qh5 26. Rh3 Bc6 27. Qb3 Nh6 28. f3 d6 29. Be3 Bxe3 30. Rxe3 f5 31. exf5 Nxf5 32. Bxf5 Qxf5 33. Rg3 Qf6 34. Qc4 Rc8 35. Qg4 Kf8 36. Qxc8+ 1-0

[Event "Titled Tuesday intern op 16th May Late"]
[Site "Chess.com INT"]
[Date "2023.05.16"]
[Round "1"]
[White "Liwak, Przemyslaw"]
[Black "Mahdavi, Reza"]
[Result "0-1"]
[WhiteElo "2342"]
[BlackElo "2339"]
[PlyCount "92"]
[EventDate "2023.05.16"]
[EventType "swiss (blitz)"]
[EventRounds "11"]
[EventCountry "USA"]
[SourceTitle "CBM 214 Extra"]
[Source "ChessBase"]
[SourceDate "2023.07.31"]
[SourceVersion "1"]
[SourceVersionDate "2023.07.31"]
[SourceQuality "1"]

1. e4 c5 2. Nf3 d6 3. d4 cxd4 4. Nxd4 Nf6 5. Nc3 g6 6. g3 Bg7 7. Bg2 0-0 8. 0-0 a6 9. a4 Qc7 10. h3 Nc6 11. Nde2 Bd7 12. Be3 Rab8 13. Nd5 Nxd5 14. exd5 Ne5 15. b3 f5 16. c4 b5 17. axb5 axb5 18. Ra7 Rb7 19. Rxb7 Qxb7 20. f4 Nf7 21. Bd4 bxc4 22. bxc4 Rc8 23. Bxg7 Kxg7 24. Nd4 Rxc4 25. Ne6+ Bxe6 26. dxe6 Qb6+ 27. Kh2 Nd8 28. Re1 Qb2 29. Re2 Qd4 30. Rd2 Qf6 31. Bd5 Rc5 32. Qe2 Qc3 33. Ba2 Nc6 34. Rxd6 Nd4 35. Rxd4 Qxd4 36. h4 Rc3 37. h5 Qe3 38. Qxe3 Rxe3 39. Kh3 Kf6 40. hxg6 hxg6 41. Kh4 Re2 42. g4 Rxa2 43. g5+ Kxe6 44. Kg3 Kd5 45. Kf3 Ra3+ 46. Ke2 Ke4 0-1

[Event "Titled Tuesday intern op 16th May Early"]
[Site "Chess.com INT"]
[Date "2023.05.16"]
[Round "7"]
[White "Potkin, Vladimir"]
[Black "Liwak, Przemyslaw"]
[Result "1-0"]
[WhiteElo "2574"]
[BlackElo "2342"]
[PlyCount "67"]
[EventDate "2023.05.16"]
[EventType "swiss (blitz)"]
[EventRounds "11"]
[EventCountry "USA"]
[SourceTitle "CBM 214 Extra"]
[Source "ChessBase"]
[SourceDate "2023.07.31"]
[SourceVersion "1"]
[SourceVersionDate "2023.07.31"]
[SourceQuality "1"]

1. Nf3 Nf6 2. c4 e6 3. Nc3 Bb4 4. a3 Bxc3 5. dxc3 b6 6. Nd2 Bb7 7. f3 Nh5 8. g3 f5 9. e4 0-0 10. Bd3 f4 11. Nf1 e5 12. g4 Qh4+ 13. Kd2 Ng3 14. Nxg3 fxg3 15. hxg3 Qxg3 16. Be2 Na6 17. b4 c6 18. Kc2 d5 19. cxd5 cxd5 20. exd5 Rad8 21. Bg5 Rxd5 22. Bc4 Nc7 23. Qd3 h6 24. Bxh6 Rxf3 25. Qg6 Rxc3+ 26. Kb2 Qf2+ 27. Kxc3 Qd4+ 28. Kb3 Qxc4+ 29. Kxc4 Ba6+ 30. Kb3 Rd3+ 31. Kc2 Rd7 32. Rad1 Nd5 33. Rxd5 Rxd5 34. Qxg7# 1-0

[Event "Titled Tuesday intern op 16th May Early"]
[Site "Chess.com INT"]
[Date "2023.05.16"]
[Round "4"]
[White "Smietanska, Wiktoria"]
[Black "Liwak, Przemyslaw"]
[Result "1-0"]
[WhiteElo "1936"]
[BlackElo "2342"]
[PlyCount "145"]
[EventDate "2023.05.16"]
[EventType "swiss (blitz)"]
[EventRounds "11"]
[EventCountry "USA"]
[SourceTitle "CBM 214 Extra"]
[Source "ChessBase"]
[SourceDate "2023.07.31"]
[SourceVersion "1"]
[SourceVersionDate "2023.07.31"]
[SourceQuality "1"]

1. c4 e5 2. Nc3 Nf6 3. Nf3 Nc6 4. e4 Bc5 5. Nxe5 Nxe5 6. d4 Bd6 7. c5 Bxc5 8. dxe5 Ng8 9. Qg4 Bf8 10. Bg5 f6 11. Bh4 d6 12. Qh5+ g6 13. Qf3 dxe5 14. Nd5 Bg7 15. 0-0-0 Bd7 16. Bc4 c6 17. Nc3 Qe7 18. g4 g5 19. Bg3 0-0-0 20. Qe3 Kb8 21. f3 h5 22. gxh5 Nh6 23. h4 gxh4 24. Rxh4 Nf7 25. Kb1 Bh6 26. f4 exf4 27. Bxf4+ Bxf4 28. Qxf4+ Ne5 29. Bb3 Be6 30. Bxe6 Qxe6 31. Rf1 Qc4 32. Qxf6 Qd3+ 33. Ka1 Nc4 34. Qf4+ Ka8 35. Rhh1 a6 36. Qf3 Qc2 37. Rf2 Rd2 38. Rxd2 Qxd2 39. Qe2 Qd4 40. Rd1 Qe5 41. Qxc4 Kb8 42. Qd4 Qxh5 43. a3 Qh7 44. Qd6+ Ka7 45. e5 Re8 46. e6 Qe7 47. Qxe7 Rxe7 48. Re1 Kb6 49. Kb1 Kc7 50. Kc2 Kd6 51. Na4 b5 52. Nc3 Rxe6 53. Rxe6+ Kxe6 54. Ne4 Kd5 55. Kd3 c5 56. Nf6+ Ke5 57. Nd7+ Kd6 58. Nb8 a5 59. Kc3 Kd5 60. Na6 b4+ 61. axb4 axb4+ 62. Nxb4+ cxb4+ 63. Kxb4 Kc6 64. Ka5 Kb7 65. Kb5 Ka7 66. Kc6 Ka6 67. b4 Ka7 68. b5 Ka8 69. Kc7 Ka7 70. b6+ Ka8 71. b7+ Ka7 72. b8Q+ Ka6 73. Qb6# 1-0

[Event "Titled Tuesday intern op 02nd May Early"]
[Site "Chess.com INT"]
[Date "2023.05.02"]
[Round "10"]
[White "Liwak, Przemyslaw"]
[Black "Ng, Gary"]
[Result "1-0"]
[WhiteElo "2342"]
[BlackElo "2213"]
[PlyCount "77"]
[EventDate "2023.05.02"]
[EventType "swiss (blitz)"]
[EventRounds "11"]
[EventCountry "USA"]
[SourceTitle "EXT 2024"]
[Source "ChessBase"]
[SourceDate "2023.10.10"]
[SourceVersion "1"]
[SourceVersionDate "2023.10.10"]
[SourceQuality "1"]

1. e4 c6 2. Nc3 d5 3. Nf3 Bg4 4. h3 Bxf3 5. Qxf3 d4 6. Ne2 e5 7. Ng3 Qf6 8. Qb3 b6 9. a4 Nd7 10. Bc4 Nc5 11. Qa2 a5 12. d3 h5 13. 0-0 h4 14. Ne2 g5 15. c3 dxc3 16. bxc3 g4 17. hxg4 h3 18. g5 Qg6 19. g3 h2+ 20. Kh1 Qh5 21. f3 Be7 22. f4 0-0-0 23. Bxf7 Qh3 24. Be3 Kc7 25. Bxc5 Bxc5 26. d4 exd4 27. cxd4 Bxd4 28. Nxd4 Rxd4 29. Bxg8 Rxg8 30. Rad1 Rgd8 31. Qe2 Qxg3 32. Rxd4 Rxd4 33. Qg2 Qd3 34. f5 Rxe4 35. f6 Re2 36. Qf3 Qxf3+ 37. Rxf3 Re1+ 38. Kxh2 Kd6 39. f7 1-0

[Event "Titled Tuesday intern op 02nd May Early"]
[Site "Chess.com INT"]
[Date "2023.05.02"]
[Round "1"]
[White "Molina, Roberto Junio Brito"]
[Black "Liwak, Przemyslaw"]
[Result "0-1"]
[WhiteElo "2403"]
[BlackElo "2342"]
[PlyCount "98"]
[EventDate "2023.05.02"]
[EventType "swiss (blitz)"]
[EventRounds "11"]
[EventCountry "USA"]
[SourceTitle "EXT 2024"]
[Source "ChessBase"]
[SourceDate "2023.10.10"]
[SourceVersion "1"]
[SourceVersionDate "2023.10.10"]
[SourceQuality "1"]

1. d4 Nf6 2. Nf3 e6 3. e3 b6 4. Bd3 Bb7 5. Qe2 d5 6. Nbd2 Be7 7. e4 dxe4 8. Nxe4 Nbd7 9. 0-0 0-0 10. Rd1 Nxe4 11. Bxe4 Bxe4 12. Qxe4 Nf6 13. Qc6 Qd6 14. Ne5 Qxc6 15. Nxc6 Bd6 16. c4 Nd7 17. b4 Nb8 18. Nxb8 Raxb8 19. c5 Be7 20. Bf4 Rbc8 21. Kf1 Bf6 22. Rac1 Rfd8 23. Be3 b5 24. a4 a6 25. Ke2 c6 26. Kf3 Rd5 27. Ke4 Rcd8 28. f4 g6 29. g4 h6 30. axb5 axb5 31. Ra1 Bg7 32. g5 hxg5 33. fxg5 e5 34. Ra6 exd4 35. Bf4 d3 36. Rxc6 Rd4+ 37. Kf3 Rxb4 38. Rd6 Rc8 39. Be3 Rc4 40. R1xd3 b4 41. Rd8+ Rxd8 42. Rxd8+ Kh7 43. Rb8 Bd4 44. Bxd4 Rxd4 45. Ke3 Rc4 46. Rb5 Rc2 47. Kd4 Rxh2 48. Rxb4 Kg7 49. c6 Rh8 0-1

[Event "Titled Tuesday intern op 18th Apr Late"]
[Site "Chess.com INT"]
[Date "2023.04.18"]
[Round "3"]
[White "Xiong, Jeffery"]
[Black "Liwak, Przemyslaw"]
[Result "1-0"]
[WhiteElo "2692"]
[BlackElo "2342"]
[PlyCount "141"]
[EventDate "2023.04.18"]
[EventType "swiss (blitz)"]
[EventRounds "11"]
[EventCountry "USA"]
[SourceTitle "EXT 2024"]
[Source "ChessBase"]
[SourceDate "2023.10.10"]
[SourceVersion "1"]
[SourceVersionDate "2023.10.10"]
[SourceQuality "1"]

1. e4 e5 2. Nf3 Nc6 3. Nc3 Nf6 4. d4 exd4 5. Nxd4 Bb4 6. Nxc6 bxc6 7. Bd3 d5 8. exd5 cxd5 9. 0-0 0-0 10. h3 c6 11. Qf3 Bd6 12. Bf4 Bxf4 13. Qxf4 Be6 14. Rfe1 Qb8 15. Qxb8 Raxb8 16. b3 c5 17. Rad1 c4 18. Bf1 Rfc8 19. Ne2 cxb3 20. cxb3 Rc2 21. Ra1 Rd2 22. Red1 Rxd1 23. Rxd1 Rc8 24. Nd4 a5 25. f3 Kf8 26. Kf2 Ke7 27. g4 g5 28. Bd3 h5 29. Re1 Kd6 30. Nb5+ Kd7 31. Re5 hxg4 32. hxg4 Bxg4 33. Rxg5 Be6 34. Rg1 Ne8 35. Nd4 Nd6 36. Ke3 Rc3 37. Kd2 Rc8 38. Rg7 Rh8 39. Rg2 Rh4 40. Ke3 Rh1 41. Rc2 Re1+ 42. Kf4 Ra1 43. Bb5+ Ke7 44. Be2 Kf6 45. Nc6 Nf5 46. Nxa5 Nd4 47. Rd2 Nxe2+ 48. Rxe2 d4 49. Rd2 d3 50. Nc6 Rc1 51. Nb4 Bf5 52. Nxd3 Bxd3 53. Rxd3 Rc2 54. a4 Rb2 55. a5 Ra2 56. b4 Ra4 57. Rd4 Ke6 58. Ke4 f5+ 59. Kf4 Ra3 60. Rc4 Ra4 61. Rc6+ Kd5 62. Rb6 Ra3 63. a6 Ra4 64. Kxf5 Ra3 65. f4 Ra4 66. b5 Kc5 67. Rb7 Ra5 68. a7 Ra4 69. b6 Kc6 70. Rb8 Rxa7 71. bxa7 1-0

[Event "Titled Tuesday intern op 11th Apr Late"]
[Site "Chess.com INT"]
[Date "2023.04.11"]
[Round "6"]
[White "Aldokhin, Ivan"]
[Black "Liwak, Przemyslaw"]
[Result "0-1"]
[WhiteElo "2413"]
[BlackElo "2342"]
[PlyCount "128"]
[EventDate "2023.04.11"]
[EventType "swiss (blitz)"]
[EventRounds "11"]
[EventCountry "USA"]
[SourceTitle "CBM 213 Extra"]
[Source "ChessBase"]
[SourceDate "2023.05.31"]
[SourceVersion "1"]
[SourceVersionDate "2023.05.31"]
[SourceQuality "1"]

1. e4 e5 2. Nf3 Nc6 3. Bb5 a6 4. Ba4 Nf6 5. 0-0 b5 6. Bb3 Bb7 7. Re1 Bc5 8. Nxe5 Nxe5 9. d4 Nfg4 10. dxc5 Qh4 11. h3 Qxf2+ 12. Kh1 Qg3 13. hxg4 Nxg4 14. Kg1 Qf2+ 15. Kh1 Qh4+ 16. Kg1 Qh2+ 17. Kf1 Qh1+ 18. Ke2 Qxg2+ 19. Kd3 Nf2+ 20. Kc3 Nxd1+ 21. Rxd1 0-0-0 22. a4 Bxe4 23. Nd2 Rhe8 24. axb5 axb5 25. Kb4 Bc6 26. c4 Qe2 27. Ra5 Re3 28. Bc2 bxc4 29. Nxc4 Re4 30. Bxe4 Qxd1 31. Bxc6 dxc6 32. Ra8+ Kb7 33. Rxd8 Qxd8 34. Na5+ Ka6 35. Nxc6 Qh4+ 36. Kc3 Qg3+ 37. Kc4 Qg4+ 38. Nd4 Qd1 39. Bf4 Qf1+ 40. Kd5 Qxf4 41. b4 Kb7 42. b5 Qxd4+ 43. Kxd4 c6 44. b6 h5 45. Ke5 h4 46. Kf4 g5+ 47. Kg4 f5+ 48. Kh3 Kc8 49. Kh2 g4 50. Kg2 f4 51. Kf2 h3 52. Kg1 g3 53. Kh1 f3 54. Kg1 h2+ 55. Kf1 g2+ 56. Kf2 g1Q+ 57. Kxf3 h1Q+ 58. Kf4 Qd5 59. b7+ Kd7 60. b8Q Qgd4+ 61. Kg3 Qg5+ 62. Kf3 Qge3+ 63. Kg2 Qdd2+ 64. Kf1 Qee1# 0-1

[Event "Titled Tuesday intern op 11th Apr Late"]
[Site "Chess.com INT"]
[Date "2023.04.11"]
[Round "10"]
[White "Liwak, Przemyslaw"]
[Black "Castaneda Jimenez, Jhon David"]
[Result "1-0"]
[WhiteElo "2342"]
[BlackElo "2120"]
[PlyCount "141"]
[EventDate "2023.04.11"]
[EventType "swiss (blitz)"]
[EventRounds "11"]
[EventCountry "USA"]
[SourceTitle "CBM 213 Extra"]
[Source "ChessBase"]
[SourceDate "2023.05.31"]
[SourceVersion "1"]
[SourceVersionDate "2023.05.31"]
[SourceQuality "1"]

1. e4 c5 2. Nf3 a6 3. c4 d6 4. d4 cxd4 5. Nxd4 g6 6. Nc3 Bg7 7. Be3 Nd7 8. Be2 b6 9. Qd2 Bb7 10. f3 Rc8 11. b3 h5 12. 0-0 Ngf6 13. Rac1 h4 14. Rfd1 h3 15. g3 Ne5 16. Nd5 Nfd7 17. Bg5 Nf6 18. Bxf6 exf6 19. f4 Nd7 20. Bg4 Bxd5 21. cxd5 Rxc1 22. Rxc1 0-0 23. Bxh3 Nc5 24. Bg2 Re8 25. Re1 f5 26. Nc6 Qc7 27. exf5 Rxe1+ 28. Qxe1 gxf5 29. Qe8+ Bf8 30. Bh3 Ne4 31. Bxf5 Nf6 32. Qb8 Nxd5 33. Qxc7 Nxc7 34. Bd3 d5 35. Kf2 Bc5+ 36. Kf3 f6 37. Nb8 a5 38. Nd7 Bd4 39. g4 Kf7 40. h4 Ne6 41. g5 fxg5 42. hxg5 Ke7 43. Nb8 Kd6 44. Kg4 Be3 45. Bf5 Nxf4 46. g6 Nxg6 47. Bxg6 Kc7 48. Na6+ Kb7 49. Bd3 Kc6 50. a4 Bd2 51. Bb5+ Kd6 52. Kf3 Be1 53. Ke2 Bc3 54. Kd3 Be1 55. Nb8 Kc5 56. Nc6 Bg3 57. Nd4 Kb4 58. Kc2 Bd6 59. Nf5 Be5 60. Ne3 Kc5 61. Kd3 Bf6 62. Ba6 Be5 63. Bb7 d4 64. Nc4 Bc7 65. Be4 Bb8 66. Kc2 Bc7 67. Nb2 Bf4 68. Nd3+ Kd6 69. Nxf4 Ke5 70. Kd3 Kxf4 71. Kxd4 1-0

[Event "Titled Tuesday intern op 11th Apr Late"]
[Site "Chess.com INT"]
[Date "2023.04.11"]
[Round "2"]
[White "Liwak, Przemyslaw"]
[Black "Marin, Sebastian"]
[Result "1/2-1/2"]
[WhiteElo "2342"]
[BlackElo "2269"]
[PlyCount "147"]
[EventDate "2023.04.11"]
[EventType "swiss (blitz)"]
[EventRounds "11"]
[EventCountry "USA"]
[SourceTitle "CBM 213 Extra"]
[Source "ChessBase"]
[SourceDate "2023.05.31"]
[SourceVersion "1"]
[SourceVersionDate "2023.05.31"]
[SourceQuality "1"]

1. e4 e5 2. Nf3 Nc6 3. Bb5 a6 4. Ba4 Nf6 5. d4 exd4 6. 0-0 Be7 7. Re1 0-0 8. e5 Nd5 9. Bb3 Nb6 10. Nxd4 Na5 11. Nf5 d5 12. exd6 Bxd6 13. Nxd6 cxd6 14. Nc3 Nxb3 15. axb3 Bf5 16. Bf4 d5 17. Be3 Be6 18. Qd4 Nc8 19. Rad1 Nd6 20. Nxd5 Nf5 21. Qe5 Nxe3 22. Nxe3 Qb6 23. Qd4 Qc6 24. c4 h6 25. h3 Rad8 26. Qc3 Qc5 27. b4 Qg5 28. Kf1 Qf4 29. Nd5 Bxd5 30. Rxd5 Rxd5 31. cxd5 Rd8 32. Rd1 Qh2 33. Qg3 Qxg3 34. fxg3 Kf8 35. Kf2 Ke7 36. Ke3 Kd6 37. Kd4 Re8 38. Rf1 f6 39. Rf4 Re5 40. Re4 Rxd5+ 41. Kc4 Re5 42. Rd4+ Kc6 43. Rd8 Re2 44. Rg8 g5 45. Rg6 Rxg2 46. Rxf6+ Kc7 47. g4 b5+ 48. Kc5 Rc2+ 49. Kd5 Rd2+ 50. Ke5 Rxb2 51. Rxh6 Kb7 52. Kf5 Rxb4 53. Kxg5 Rc4 54. Rf6 b4 55. h4 b3 56. Rf2 Rc2 57. Rf3 b2 58. Rb3+ Kc6 59. h5 a5 60. h6 a4 61. Rb8 a3 62. h7 Rh2 63. Kg6 a2 64. Rxb2 Rxb2 65. h8Q a1Q 66. Qf6+ Kc5 67. Qe5+ Kc4 68. Qe4+ Kb3 69. Qd3+ Ka2 70. Qa6+ Kb1 71. Qf1+ Ka2 72. Qa6+ Kb1 73. Qf1+ Ka2 74. Qa6+ 1/2-1/2

[Event "Titled Tuesday intern op 04th Apr Late"]
[Site "Chess.com INT"]
[Date "2023.04.04"]
[Round "11"]
[White "Liwak, Przemyslaw"]
[Black "Kavutskiy, Konstantin"]
[Result "0-1"]
[WhiteElo "2342"]
[BlackElo "2414"]
[PlyCount "150"]
[EventDate "2023.04.04"]
[EventType "swiss (blitz)"]
[EventRounds "11"]
[EventCountry "USA"]
[SourceTitle "EXT 2024"]
[Source "ChessBase"]
[SourceDate "2023.10.10"]
[SourceVersion "1"]
[SourceVersionDate "2023.10.10"]
[SourceQuality "1"]

1. e4 Nc6 2. d4 d6 3. d5 Nb8 4. c4 g6 5. Nc3 Bg7 6. Nf3 Nf6 7. Be2 0-0 8. 0-0 Bg4 9. h3 Bxf3 10. Bxf3 Nbd7 11. Be3 c6 12. Rc1 a6 13. b4 Qc7 14. dxc6 bxc6 15. a4 Rfc8 16. c5 dxc5 17. bxc5 a5 18. Qc2 Ne5 19. Be2 Rab8 20. f4 Ned7 21. e5 Ne8 22. e6 fxe6 23. Bc4 Nf8 24. f5 Qe5 25. Bf4 Qxc5+ 26. Kh1 Qxc4 27. Bxb8 Rxb8 28. fxe6 Bxc3 29. Qxc3 Qxc3 30. Rxc3 Nxe6 31. Rxc6 Nd6 32. Ra6 Nc5 33. Rxa5 Nde4 34. Re1 Rb4 35. Kh2 Kf7 36. Rf1+ Ke6 37. Rc1 Nxa4 38. Rc6+ Nd6 39. Ra8 Nb6 40. Rh8 h5 41. Rc1 Nd5 42. Re1+ Kf6 43. Rf8+ Kg7 44. Rd8 Kf7 45. Rd7 Rf4 46. Re5 Rf5 47. Re1 Kf6 48. g4 hxg4 49. hxg4 Re5 50. Rf1+ Ke6 51. Rd8 Nf6 52. g5 Nh5 53. Rg8 Rxg5 54. Rg1 Rxg1 55. Kxg1 Kf5 56. Ra8 Nf6 57. Ra5+ e5 58. Kf2 Nde4+ 59. Kf3 g5 60. Ra6 g4+ 61. Kg2 Kf4 62. Ra8 Nd6 63. Rf8 Kg5 64. Rd8 Nf5 65. Rf8 e4 66. Ra8 Nd5 67. Ra5 Nf4+ 68. Kf1 e3 69. Re5 g3 70. Re8 Kg4 71. Kg1 Kf3 72. Rf8 e2 73. Re8 Ne3 74. Rxe3+ Kxe3 75. Kh1 e1Q# 0-1

[Event "Titled Tuesday intern op 04th Apr Late"]
[Site "Chess.com INT"]
[Date "2023.04.04"]
[Round "5"]
[White "Liwak, Przemyslaw"]
[Black "Sieciechowicz, Marcin"]
[Result "1/2-1/2"]
[WhiteElo "2342"]
[BlackElo "2387"]
[PlyCount "113"]
[EventDate "2023.04.04"]
[EventType "swiss (blitz)"]
[EventRounds "11"]
[EventCountry "USA"]
[SourceTitle "EXT 2024"]
[Source "ChessBase"]
[SourceDate "2023.10.10"]
[SourceVersion "1"]
[SourceVersionDate "2023.10.10"]
[SourceQuality "1"]

1. e4 e6 2. d4 d5 3. Nd2 c5 4. Ngf3 cxd4 5. exd5 Qxd5 6. Bc4 Qd6 7. 0-0 Nf6 8. Nb3 Nc6 9. Nbxd4 Nxd4 10. Qxd4 Qxd4 11. Nxd4 Bd7 12. Be2 0-0-0 13. Nb3 e5 14. Be3 Kb8 15. Rfd1 Be7 16. Bf3 Bg4 17. Bxg4 Nxg4 18. Bc5 Bxc5 19. Nxc5 Kc7 20. h3 Nf6 21. Kf1 b6 22. Nd3 Rd5 23. Ke2 Rhd8 24. c4 Rd4 25. c5 Nd5 26. cxb6+ Kxb6 27. g3 f6 28. f3 e4 29. Nf2 exf3+ 30. Kxf3 Nb4 31. Rxd4 Rxd4 32. a3 Nc6 33. Rd1 Kc5 34. b4+ Kd5 35. Rc1 Ne5+ 36. Ke2 Nc4 37. Nd3 Nxa3 38. Rc5+ Kd6 39. Ra5 Nc2 40. Rxa7 Nxb4 41. Nxb4 Rxb4 42. Rxg7 h5 43. Rh7 h4 44. Rxh4 Rxh4 45. gxh4 Ke6 46. Kf3 Kf7 47. Kg4 Kg7 48. Kf5 Kh8 49. Kxf6 Kh7 50. Kg5 Kh8 51. h5 Kh7 52. h6 Kh8 53. Kg6 Kg8 54. h4 Kh8 55. h5 Kg8 56. h7+ Kh8 57. h6 1/2-1/2

[Event "Titled Tuesday intern op 21st Mar Late"]
[Site "Chess.com INT"]
[Date "2023.03.21"]
[Round "5"]
[White "Jimenez Fernandez, Rebeca"]
[Black "Liwak, Przemyslaw"]
[Result "0-1"]
[WhiteElo "2061"]
[BlackElo "2342"]
[PlyCount "66"]
[EventDate "2023.03.21"]
[EventType "swiss (blitz)"]
[EventRounds "11"]
[EventCountry "USA"]
[SourceTitle "EXT 2024"]
[Source "ChessBase"]
[SourceDate "2023.10.10"]
[SourceVersion "1"]
[SourceVersionDate "2023.10.10"]
[SourceQuality "1"]

1. e4 e5 2. d4 exd4 3. Qxd4 Nc6 4. Qe3 Nf6 5. Nc3 Bb4 6. Bd2 0-0 7. 0-0-0 Re8 8. Bc4 Bxc3 9. Bxc3 Nxe4 10. Qf4 Qe7 11. Re1 g5 12. Qf3 d5 13. Bxd5 Nxc3 14. Qxf7+ Qxf7 15. Rxe8+ Kg7 16. Bxf7 Kxf7 17. Rh8 Kg7 18. Re8 Kf7 19. Rxc8 Nxa2+ 20. Kb1 Rxc8 21. Kxa2 Re8 22. Nf3 g4 23. Nd2 Re2 24. Nc4 Rxc2 25. Ne3 Rxf2 26. Nxg4 Rxg2 27. Ne3 Re2 28. Nd5 Ke8 29. Nxc7+ Kd7 30. Nb5 a6 31. Nc3 Rg2 32. Na4 Kc7 33. Nc5 Nb4+ 0-1